Indian books in print 1973 (Record no. 353495)

000 -LEADER
fixed length control field 00410cam a22001457a 4500
008 - FIXED-LENGTH DATA ELEMENTS--GENERAL INFORMATION
fixed length control field 180718b1973 xxu||||| |||| 00| 0 eng d
082 ## - DEWEY DECIMAL CLASSIFICATION NUMBER
Classification number A2x54 Si64/73
100 ## - MAIN ENTRY--PERSONAL NAME
Personal name Singh, Sher
245 ## - TITLE STATEMENT
Title Indian books in print 1973
Statement of responsibility, etc. by Sher Singh and S.N. Sadhu
250 ## - EDITION STATEMENT
Edition statement 3rd ed.
260 ## - PUBLICATION, DISTRIBUTION, ETC.
Place of publication, distribution, etc. Delhi
Name of publisher, distributor, etc. Indian Bureau of Bibliographics
Date of publication, distribution, etc. 1973
300 ## - PHYSICAL DESCRIPTION
Extent 3v.
650 ## - SUBJECT ADDED ENTRY--TOPICAL TERM
Topical term or geographic name entry element India - Bibliography
700 ## - ADDED ENTRY--PERSONAL NAME
Personal name Sadhu, S.N.
Holdings
Withdrawn status Lost status Damaged status Not for loan Permanent Location Current Location Date acquired Full call number Barcode Date last seen Price effective from Koha item type
        Indian Institute of Public Administration Indian Institute of Public Administration 1993-12-03 A2x54 Si64/73 48447 2018-07-21 2018-07-21 Book

Powered by Koha